[Event "37eme Open international de Fourmies"]
[Site "Fourmies (FRA)"]
[Date "2013.05.18"]
[Round "1.1"]
[White "Chion, Alexandre"]
[Black "Delchev, Aleksander"]
[Result "0-1"]
[WhiteElo "1956"]
[BlackElo "2622"]
[PlyCount "68"]
[EventDate "2013.??.??"]

1. d4 Nf6 2. c4 e6 3. Nc3 Bb4 4. Nf3 c5 5. Bd2 cxd4 6. Nb5 Be7 7. Nbxd4 O-O 8.
g3 b6 9. Bg2 Bb7 10. O-O Na6 11. Bf4 Nh5 12. Bd2 Nc5 13. Bc3 Ne4 14. Rc1 Rc8
15. Nd2 Nxc3 16. Rxc3 Bxg2 17. Kxg2 Nf6 18. Rd3 Qc7 19. Kg1 a6 20. e4 d6 21.
Qe2 Nd7 22. Rc3 Bf6 23. N2f3 Qb7 24. Re3 Rc7 25. Rd1 Rfc8 26. b3 g6 27. h4 Rc5
28. Red3 Be7 29. R3d2 Bf8 30. Rd3 Qc7 31. Qe3 Re8 32. Kg2 Qb7 33. Kg1 Nf6 34.
e5 Ng4 0-1

[Event "37eme Open international de Fourmies"]
[Site "Fourmies (FRA)"]
[Date "2013.05.18"]
[Round "1.4"]
[White "Guliyev, Namig"]
[Black "Blondel, Jerome"]
[Result "1-0"]
[WhiteElo "2550"]
[BlackElo "1936"]
[PlyCount "51"]
[EventDate "2013.??.??"]

1. e4 d5 2. exd5 Qxd5 3. Nc3 Qd6 4. g3 Nf6 5. Bg2 c6 6. Nf3 Bg4 7. h3 Bh5 8.
O-O e6 9. d4 Be7 10. Bf4 Qd8 11. g4 Bg6 12. Ne5 O-O 13. Bg3 Nbd7 14. f4 Nxe5
15. dxe5 Qxd1 16. Raxd1 Ne8 17. f5 exf5 18. gxf5 Bh5 19. Rd7 Bc5+ 20. Bf2 Bxf2+
21. Rxf2 b6 22. Bxc6 Rc8 23. Nd5 Kh8 24. Bb7 Rc4 25. Nf4 Bd1 26. Rxd1 1-0

[Event "37eme Open international de Fourmies"]
[Site "Fourmies (FRA)"]
[Date "2013.05.18"]
[Round "1.16"]
[White "Ionescu, Doru-Alexandru"]
[Black "Bruno, Ricardo"]
[Result "0-1"]
[WhiteElo "2351"]
[BlackElo "1887"]
[PlyCount "63"]
[EventDate "2013.??.??"]

1. e4 c5 2. Nf3 d6 3. d4 cxd4 4. Nxd4 Nf6 5. Nc3 g6 6. Be2 Bg7 7. O-O O-O 8.
Nb3 Nc6 9. Bg5 Be6 10. Re1 a5 11. Bb5 Ne5 12. Nd5 Bxd5 13. exd5 a4 14. Nc1 Qb6
15. c4 a3 16. b3 Nfg4 17. Bh4 g5 18. Bg3 f5 19. h3 f4 20. Bh4 gxh4 21. hxg4 f3
22. Nd3 Nxd3 23. Qxd3 fxg2 24. Qe3 Qxe3 25. fxe3 Bxa1 26. Rxa1 Rf1+ 27. Rxf1
gxf1=Q+ 28. Kxf1 Rf8+ 29. Kg2 h3+ 30. Kxh3 Rf2 31. b4 Rb2 32. c5 0-1

[Event "37eme Open international de Fourmies"]
[Site "Fourmies (FRA)"]
[Date "2013.05.18"]
[Round "1.23"]
[White "Levy, Claude"]
[Black "Bouget, Alexandre"]
[Result "0-1"]
[WhiteElo "1848"]
[BlackElo "2242"]
[PlyCount "34"]
[EventDate "2013.??.??"]

1. e4 e5 2. Nf3 Nc6 3. Bb5 a6 4. Ba4 Nf6 5. O-O Be7 6. Re1 b5 7. Bb3 O-O 8. c3
d5 9. exd5 e4 10. dxc6 exf3 11. d4 fxg2 12. Qf3 a5 13. Qxg2 a4 14. Bh6 Ng4 15.
Bxg7 Kxg7 16. Bd1 Kh8 17. Bxg4 Bxg4 0-1

[Event "37eme Open international de Fourmies"]
[Site "Fourmies (FRA)"]
[Date "2013.05.18"]
[Round "1.43"]
[White "Maes, Tibo"]
[Black "Lalau, Alexandre"]
[Result "0-1"]
[WhiteElo "1765"]
[BlackElo "2110"]
[PlyCount "64"]
[EventDate "2013.??.??"]

1. e4 c5 2. d4 cxd4 3. c3 d3 4. Bxd3 Nc6 5. c4 d6 6. h3 Nf6 7. Nf3 e6 8. O-O
Be7 9. Nc3 a6 10. Be3 b6 11. Rc1 O-O 12. Bb1 Re8 13. b3 Bb7 14. Qe2 Ne5 15. Nd4
Qc7 16. f4 Ned7 17. Nf3 Rac8 18. g4 Nc5 19. Nd2 g6 20. h4 h5 21. g5 Ng4 22. b4
Nd7 23. Nd1 d5 24. Nf2 Nxe3 25. Qxe3 Bxb4 26. Bd3 d4 27. Qe2 Qxf4 28. Nb3 Qg3+
29. Kh1 Qxh4+ 30. Kg1 Qxg5+ 31. Kh1 Qh4+ 32. Kg1 Ne5 0-1

[Event "37eme Open international de Fourmies"]
[Site "Fourmies (FRA)"]
[Date "2013.05.18"]
[Round "1.44"]
[White "Capone, Nicola"]
[Black "Delescaille, Laurent"]
[Result "1-0"]
[WhiteElo "2107"]
[BlackElo "1762"]
[PlyCount "51"]
[EventDate "2013.??.??"]

1. e4 c6 2. d4 d5 3. Nd2 dxe4 4. Nxe4 Nf6 5. Nxf6+ gxf6 6. Be3 Bf5 7. Bd3 Bxd3
8. Qxd3 e6 9. O-O-O Bg7 10. Ne2 Nd7 11. Nf4 Qa5 12. Qb3 O-O-O 13. Nd3 f5 14.
Kb1 Rhg8 15. g3 Qb6 16. Qa4 Kb8 17. Qa3 Bf8 18. Nc5 Ka8 19. Rd3 Nxc5 20. dxc5
Rxd3 21. cxd3 Qd8 22. Rc1 Qd5 23. Rc4 b5 24. Rd4 Bxc5 25. Rxd5 Bxa3 26. Rd7 1-0

[Event "37eme Open international de Fourmies"]
[Site "Fourmies (FRA)"]
[Date "2013.05.18"]
[Round "1.45"]
[White "Gouvart, Michel"]
[Black "Navrotescu, Andreea-Cristiana"]
[Result "0-1"]
[WhiteElo "1760"]
[BlackElo "2104"]
[PlyCount "44"]
[EventDate "2013.??.??"]

1. e4 c5 2. c4 Nc6 3. Nc3 g6 4. g3 Bg7 5. Bg2 d6 6. Nge2 e6 7. O-O Nge7 8. f4
O-O 9. Kh1 Nd4 10. d3 Rb8 11. Rb1 Bd7 12. Be3 b5 13. cxb5 Nxb5 14. Qc2 Qa5 15.
Nxb5 Bxb5 16. b3 Rfc8 17. Rfd1 f5 18. Bd2 Qa6 19. Bc3 fxe4 20. Bxe4 d5 21. a4
Bc6 22. Bxg7 dxe4 0-1

[Event "37eme Open international de Fourmies"]
[Site "Fourmies (FRA)"]
[Date "2013.05.18"]
[Round "2.1"]
[White "Delchev, Aleksander"]
[Black "Dekker, Theo"]
[Result "1-0"]
[WhiteElo "2622"]
[BlackElo "2132"]
[PlyCount "47"]
[EventDate "2013.??.??"]

1. e4 e6 2. d4 d5 3. Nd2 Nf6 4. e5 Nfd7 5. Bd3 c5 6. c3 Nc6 7. Ngf3 g6 8. h4 h6
9. Bc2 cxd4 10. cxd4 Bg7 11. Nf1 Nf8 12. Ne3 h5 13. g3 Bd7 14. Ng2 f6 15. exf6
Qxf6 16. Bg5 Qf7 17. Nf4 Bf6 18. Qd2 Qg7 19. Bxf6 Qxf6 20. O-O Kf7 21. b4 Rg8
22. Rfe1 Kg7 23. b5 Ne7 24. Bxg6 1-0

[Event "37eme Open international de Fourmies"]
[Site "Fourmies (FRA)"]
[Date "2013.05.18"]
[Round "2.2"]
[White "Przymusinski, Nicolas"]
[Black "Epishin, Vladimir"]
[Result "0-1"]
[WhiteElo "2126"]
[BlackElo "2603"]
[PlyCount "64"]
[EventDate "2013.??.??"]

1. c4 b6 2. Nc3 Bb7 3. e4 e6 4. g3 Bb4 5. Nge2 f5 6. Bg2 Nf6 7. d3 fxe4 8. O-O
O-O 9. dxe4 Nc6 10. h3 Ne5 11. b3 Bc5 12. Bb2 a5 13. Na4 d6 14. Nxc5 bxc5 15.
Bxe5 dxe5 16. Qc2 Qe8 17. f3 a4 18. Qb2 Nd7 19. Nc3 Bc6 20. Rfd1 axb3 21. axb3
Rxa1 22. Rxa1 Qe7 23. Ra7 Qd6 24. Qa1 Rb8 25. Nb5 Bxb5 26. cxb5 Rxb5 27. Qa4
Rb8 28. Bf1 Nb6 29. Qb5 c4 30. Bxc4 c6 31. Qa6 Qd4+ 32. Kg2 Nxc4 0-1

[Event "37eme Open international de Fourmies"]
[Site "Fourmies (FRA)"]
[Date "2013.05.18"]
[Round "2.4"]
[White "Marchyllie, Bruno"]
[Black "Guliyev, Namig"]
[Result "1-0"]
[WhiteElo "2125"]
[BlackElo "2550"]
[PlyCount "69"]
[EventDate "2013.??.??"]

1. e4 c5 2. d4 cxd4 3. c3 dxc3 4. Nxc3 d6 5. Nf3 e6 6. Bc4 Be7 7. O-O Nf6 8.
Qe2 a6 9. Rd1 Qc7 10. e5 dxe5 11. Nxe5 b5 12. Bb3 Nc6 13. Bf4 Nxe5 14. Bxe5 Qb6
15. a4 O-O 16. axb5 Qb7 17. Bc2 axb5 18. Rac1 b4 19. Ne4 Ra5 20. Nxf6+ Bxf6 21.
Qd3 g6 22. Bxf6 Rf5 23. Qd8 Rd5 24. Rxd5 exd5 25. Qd6 Qa6 26. Qxa6 Bxa6 27. Bb3
Bc4 28. Bxc4 Rc8 29. b3 Rc6 30. Bg5 dxc4 31. Rxc4 Ra6 32. f3 f6 33. Bd2 Ra1+
34. Rc1 Ra3 35. Rb1 1-0

[Event "37eme Open international de Fourmies"]
[Site "Fourmies (FRA)"]
[Date "2013.05.18"]
[Round "2.5"]
[White "Miron, Lucian-Costin"]
[Black "Depoorter, Enguerran"]
[Result "1-0"]
[WhiteElo "2543"]
[BlackElo "2125"]
[PlyCount "47"]
[EventDate "2013.??.??"]

1. d4 d5 2. c4 e6 3. Nc3 c6 4. e4 dxe4 5. Nxe4 Nd7 6. Nf3 Ngf6 7. Nc3 Bd6 8.
Bd3 O-O 9. O-O c5 10. Bc2 a6 11. dxc5 Bxc5 12. Bf4 Re8 13. Qe2 Qa5 14. a3 Bf8
15. Ne5 g6 16. b4 Qd8 17. Rad1 Bg7 18. h3 Qe7 19. Na4 Nh5 20. Bh2 Nxe5 21. Bxe5
Bxe5 22. Qxe5 Bd7 23. Nb6 Rad8 24. Qc7 1-0

[Event "37eme Open international de Fourmies"]
[Site "Fourmies (FRA)"]
[Date "2013.05.18"]
[Round "2.7"]
[White "Dourerassou, Jonathan"]
[Black "Van Den Bergh, Peter"]
[Result "1-0"]
[WhiteElo "2464"]
[BlackElo "2125"]
[PlyCount "57"]
[EventDate "2013.??.??"]

1. e4 c6 2. d4 d5 3. Nc3 dxe4 4. Nxe4 Bf5 5. Ng3 Bg6 6. h4 h6 7. Nf3 Nd7 8. h5
Bh7 9. Bd3 Bxd3 10. Qxd3 e6 11. Bf4 Qa5+ 12. Bd2 Bb4 13. c3 Be7 14. c4 Qc7 15.
O-O-O Ngf6 16. Kb1 b5 17. c5 O-O 18. Rde1 Rad8 19. Qc2 Rfe8 20. Ne2 e5 21. dxe5
Nd5 22. e6 fxe6 23. Bxh6 Bxc5 24. Bg5 Be7 25. h6 Nf8 26. hxg7 Kxg7 27. Bh6+ Kg8
28. Ned4 Bf6 29. Bxf8 1-0

[Event "37eme Open international de Fourmies"]
[Site "Fourmies (FRA)"]
[Date "2013.05.18"]
[Round "2.23"]
[White "Reymann, Cedric"]
[Black "Degremont, Patrick"]
[Result "1-0"]
[WhiteElo "2171"]
[BlackElo "1979"]
[PlyCount "81"]
[EventDate "2013.??.??"]

1. e4 e6 2. d4 d5 3. e5 c5 4. c3 Nc6 5. Nf3 Qb6 6. a3 c4 7. Nbd2 Na5 8. g3 Ne7
9. h4 Bd7 10. Bh3 h6 11. O-O Nec6 12. Re1 Be7 13. Rb1 Nb3 14. Nxb3 Qxb3 15.
Qxb3 cxb3 16. Ra1 Na5 17. a4 b5 18. axb5 Nc4 19. Bf1 O-O 20. Nd2 Nxd2 21. Bxd2
Rfb8 22. Ra6 Bxb5 23. Bxb5 Rxb5 24. Rea1 Rb7 25. Kf1 Kf8 26. Ke2 Ke8 27. h5 Kd7
28. Kd3 Rc7 29. f4 Kc8 30. g4 Kb7 31. R6a4 a6 32. c4 dxc4+ 33. Rxc4 Rac8 34.
Rac1 Rxc4 35. Rxc4 Rxc4 36. Kxc4 Kc6 37. g5 Bf8 38. gxh6 gxh6 39. Bc3 Be7 40.
Be1 Bd8 41. Bb4 1-0

[Event "37eme Open international de Fourmies"]
[Site "Fourmies (FRA)"]
[Date "2013.05.18"]
[Round "2.44"]
[White "Blondel, Jerome"]
[Black "Vicainne, Jerome"]
[Result "1-0"]
[WhiteElo "1936"]
[BlackElo "1729"]
[PlyCount "117"]
[EventDate "2013.??.??"]

1. Nf3 e6 2. d4 c5 3. e3 a6 4. b3 cxd4 5. exd4 Nc6 6. Bb2 Nf6 7. Bd3 Qc7 8. a3
Be7 9. O-O b6 10. c4 Bb7 11. Nc3 g5 12. d5 Ne5 13. Ne4 Nfg4 14. Nxe5 Nxe5 15.
Rc1 d6 16. dxe6 fxe6 17. Qh5+ Kd7 18. Bxe5 dxe5 19. Rfd1 Kc8 20. c5 b5 21. Qf7
Bd5 22. Qg7 Kb7 23. Nd6+ Ka7 24. Qxe5 Qc6 25. Be4 Bxe4 26. Qxe4 Qxe4 27. Nxe4
Rhd8 28. Nd6 Bxd6 29. cxd6 Rac8 30. Rxc8 Rxc8 31. d7 Rd8 32. Kf1 Kb7 33. Rd6 a5
34. Ke2 Kc7 35. Rxe6 Rxd7 36. Re5 Kb6 37. Rxg5 b4 38. axb4 axb4 39. Rg3 Kc5 40.
Rd3 Ra7 41. f4 h5 42. Kf3 Ra2 43. f5 Ra6 44. g4 hxg4+ 45. Kxg4 Ra2 46. h3 Rg2+
47. Kf4 Rf2+ 48. Ke4 Re2+ 49. Re3 Rd2 50. Rd3 Re2+ 51. Kf4 Rf2+ 52. Ke5 Re2+
53. Kf6 Rc2 54. Ke5 Re2+ 55. Kf4 Rf2+ 56. Rf3 Re2 57. f6 Kd6 58. f7 Ke7 59.
Re3+ 1-0

[Event "37eme Open international de Fourmies"]
[Site "Fourmies (FRA)"]
[Date "2013.05.19"]
[Round "3.10"]
[White "Mastalerz, Xavier"]
[Black "Shirazi, Kamran"]
[Result "1-0"]
[WhiteElo "2137"]
[BlackElo "2411"]
[PlyCount "85"]
[EventDate "2013.??.??"]

1. d4 Nf6 2. c4 c5 3. Nf3 g6 4. g3 Bg7 5. Bg2 cxd4 6. Nxd4 Qc7 7. b3 d5 8. cxd5
Nxd5 9. O-O O-O 10. Bxd5 Qc5 11. Nc2 Rd8 12. Bxf7+ Kxf7 13. Qxd8 Qxc2 14. Na3
Qf5 15. Rb1 Nc6 16. Qd2 Qh5 17. Bb2 Bh6 18. Qc3 Bf5 19. Rbd1 Qxe2 20. Rfe1 Qg4
21. Nc4 Be6 22. Nd6+ Kf8 23. Nxb7 Rc8 24. Nc5 Bg8 25. Nd7+ Kf7 26. Qxc6 Rxc6
27. Ne5+ Ke8 28. Nxg4 Bg5 29. h4 h5 30. Ne5 Rc2 31. hxg5 Rxb2 32. Rc1 Kf8 33.
Nxg6+ Kg7 34. Nxe7 Bf7 35. g6 Be8 36. Nf5+ Kxg6 37. Nh4+ Kf7 38. Rc7+ Kf8 39.
Rc8 Rxa2 40. Rcxe8+ Kf7 41. R8e7+ Kf8 42. Rb7 Ra6 43. Rc1 1-0

[Event "37eme Open international de Fourmies"]
[Site "Fourmies (FRA)"]
[Date "2013.05.19"]
[Round "3.20"]
[White "Vandelacluze, Ian"]
[Black "Levy, Nathan"]
[Result "1-0"]
[WhiteElo "2025"]
[BlackElo "1614"]
[PlyCount "65"]
[EventDate "2013.??.??"]

1. e4 e5 2. Nf3 Nc6 3. Bb5 a6 4. Bxc6 dxc6 5. O-O Bg4 6. h3 Bh5 7. g4 Bg6 8.
Nxe5 Bd6 9. Nf3 Qd7 10. Kg2 O-O-O 11. d3 h5 12. g5 f6 13. Nh4 Ne7 14. Nc3 Be5
15. Qe2 fxg5 16. Bxg5 Bf6 17. f4 Rde8 18. Qf2 Kb8 19. Qg3 Bf7 20. Kh2 Be6 21.
f5 Bxg5 22. Qxg5 Qd6+ 23. Qf4 Qxf4+ 24. Rxf4 Rhf8 25. Raf1 Bd7 26. Ne2 Nd5 27.
R4f2 Ne3 28. Rc1 Kc8 29. Ng2 Nxg2 30. Rxg2 Kd8 31. Nf4 Rh8 32. Rxg7 Re5 33. Ng6
1-0

[Event "37eme Open international de Fourmies"]
[Site "Fourmies (FRA)"]
[Date "2013.05.19"]
[Round "4.2"]
[White "Laurent, Bruno"]
[Black "Epishin, Vladimir"]
[Result "0-1"]
[WhiteElo "2378"]
[BlackElo "2603"]
[PlyCount "34"]
[EventDate "2013.??.??"]

1. e4 g6 2. d4 Bg7 3. Nc3 c6 4. Nf3 d5 5. h3 Nh6 6. Bd3 O-O 7. O-O f6 8. Ne2
Na6 9. a3 Nf7 10. c4 dxe4 11. Bxe4 f5 12. Bc2 c5 13. Rb1 cxd4 14. Nfxd4 Nc7 15.
f4 b6 16. Nc6 Qe8 17. Ba4 Bd7 0-1

[Event "37eme Open international de Fourmies"]
[Site "Fourmies (FRA)"]
[Date "2013.05.19"]
[Round "4.13"]
[White "Shirazi, Kamran"]
[Black "Tupet, Guillaume"]
[Result "1-0"]
[WhiteElo "2411"]
[BlackElo "1982"]
[PlyCount "43"]
[EventDate "2013.??.??"]

1. e4 c5 2. d4 cxd4 3. Nf3 Nc6 4. c3 d5 5. exd5 Qxd5 6. cxd4 e5 7. Nc3 Bb4 8.
Bd2 Bxc3 9. Bxc3 e4 10. Nd2 Nf6 11. Bc4 Qg5 12. Qb3 e3 13. Bxf7+ Kf8 14. fxe3
Qxe3+ 15. Kd1 Ng4 16. Rf1 Nf2+ 17. Kc1 Qe7 18. Rxf2 Qe1+ 19. Kc2 Qxf2 20. Rf1
Nxd4+ 21. Bxd4 Qxd4 22. Qa3+ 1-0

[Event "37eme Open international de Fourmies"]
[Site "Fourmies (FRA)"]
[Date "2013.05.19"]
[Round "4.14"]
[White "Waquet, Frederic"]
[Black "Guliyev, Namig"]
[Result "0-1"]
[WhiteElo "1923"]
[BlackElo "2550"]
[PlyCount "66"]
[EventDate "2013.??.??"]

1. d4 d5 2. Nf3 Nf6 3. e3 c5 4. c3 Qb6 5. Bd3 Nc6 6. Nbd2 Bg4 7. Qa4 c4 8. Bb1
Bd7 9. Qd1 e6 10. O-O Be7 11. b3 Qa5 12. Bb2 b5 13. a4 b4 14. cxb4 Qxb4 15. Ba3
Qc3 16. Qc1 Qxa1 17. Bb2 Ba3 18. Bxa3 c3 19. Ne5 Rc8 20. Ndf3 Nxe5 21. Nxe5 Ne4
22. Bxe4 Qxc1 23. Rxc1 dxe4 24. Nxd7 Kxd7 25. Bc5 a5 26. Rxc3 Rb8 27. f3 exf3
28. gxf3 Rb7 29. e4 Rhb8 30. b4 axb4 31. Rb3 Ra8 32. Kg2 Rxa4 33. Kg3 Kc6 0-1

[Event "37eme Open international de Fourmies"]
[Site "Fourmies (FRA)"]
[Date "2013.05.19"]
[Round "4.16"]
[White "Wantiez, Fabrice"]
[Black "Wallerand, Konrad"]
[Result "0-1"]
[WhiteElo "2332"]
[BlackElo "1924"]
[PlyCount "56"]
[EventDate "2013.??.??"]

1. e4 d5 2. exd5 Nf6 3. c4 c6 4. Qa4 g6 5. d4 Bg7 6. dxc6 O-O 7. cxb7 Bxb7 8.
Qb3 Qc7 9. Nf3 Nbd7 10. Be2 Rab8 11. Qa3 e5 12. d5 Nxd5 13. O-O N5b6 14. Be3
Bxf3 15. gxf3 Rfc8 16. Nd2 Nf8 17. Ne4 Ne6 18. Rfd1 Nd4 19. Bxd4 exd4 20. c5
Nd5 21. Nd6 Nf4 22. Bf1 Qe7 23. Nxc8 Qg5+ 24. Kh1 Be5 25. Qa6 Qh5 26. Bg2 Nxg2
27. Kxg2 Qxh2+ 28. Kf1 Rxb2 0-1

[Event "37eme Open international de Fourmies"]
[Site "Fourmies (FRA)"]
[Date "2013.05.19"]
[Round "4.17"]
[White "Bruno, Ricardo"]
[Black "Rabineau, Clement"]
[Result "0-1"]
[WhiteElo "1887"]
[BlackElo "2286"]
[PlyCount "44"]
[EventDate "2013.??.??"]

1. e4 d5 2. exd5 Qxd5 3. Nc3 Qd6 4. d4 Nf6 5. Nf3 a6 6. g3 b5 7. Bg2 Bb7 8. O-O
e6 9. Bf4 Qb6 10. a4 Bd6 11. a5 Qa7 12. Ne5 O-O 13. Re1 Bxg2 14. Kxg2 Qb7+ 15.
Kg1 b4 16. Nb1 Nd5 17. Qf3 Ra7 18. Be3 Nc6 19. Nd7 Rd8 20. Nc5 Bxc5 21. dxc5
Ne5 22. Qh5 Nf4 0-1

[Event "37eme Open international de Fourmies"]
[Site "Fourmies (FRA)"]
[Date "2013.05.19"]
[Round "5.2"]
[White "Dubessay, Bastien"]
[Black "Dourerassou, Jonathan"]
[Result "0-1"]
[WhiteElo "2378"]
[BlackElo "2464"]
[PlyCount "46"]
[EventDate "2013.??.??"]

1. d4 Nf6 2. c4 g6 3. Nc3 Bg7 4. e4 d6 5. f3 O-O 6. Bg5 a6 7. Qd2 Re8 8. Nge2
Nbd7 9. Nc1 c5 10. d5 Qa5 11. a4 e6 12. Ra3 exd5 13. cxd5 Ne5 14. Be3 Nh5 15.
Be2 f5 16. f4 Ng4 17. Bxg4 fxg4 18. N1e2 Qb4 19. O-O Bd7 20. Qc2 Qc4 21. Bd2
Bd4+ 22. Kh1 Bxc3 23. Bxc3 Rxe4 0-1

[Event "37eme Open international de Fourmies"]
[Site "Fourmies (FRA)"]
[Date "2013.05.19"]
[Round "5.26"]
[White "Daurelle, Herve"]
[Black "Jimenez, Martin"]
[Result "1-0"]
[WhiteElo "2207"]
[BlackElo "1924"]
[PlyCount "25"]
[EventDate "2013.??.??"]

1. e4 c6 2. c4 d5 3. exd5 cxd5 4. cxd5 Qxd5 5. Nc3 Qa5 6. d4 Nf6 7. Nf3 e6 8.
Bd3 Bb4 9. Bd2 O-O 10. O-O b6 11. Re1 Bb7 12. Re5 Bd5 13. a3 1-0

[Event "37eme Open international de Fourmies"]
[Site "Fourmies (FRA)"]
[Date "2013.05.20"]
[Round "6.1"]
[White "Dourerassou, Jonathan"]
[Black "Epishin, Vladimir"]
[Result "1/2-1/2"]
[WhiteElo "2464"]
[BlackElo "2603"]
[PlyCount "48"]
[EventDate "2013.??.??"]

1. e4 c5 2. Nf3 Nc6 3. d4 cxd4 4. Nxd4 Qb6 5. Nb3 e6 6. Nc3 Nf6 7. Be3 Qc7 8.
Bd3 Bb4 9. O-O Bxc3 10. bxc3 d6 11. f4 O-O 12. c4 b6 13. a4 Bb7 14. Qf3 Ne7 15.
a5 Ng6 16. Nd4 bxa5 17. Nb5 Qd7 18. Bd4 e5 19. Be3 a6 20. Nc3 exf4 21. Bxf4 Ng4
22. Bg3 N4e5 23. Qe3 Rac8 24. Qd4 Qc7 1/2-1/2

[Event "37eme Open international de Fourmies"]
[Site "Fourmies (FRA)"]
[Date "2013.05.20"]
[Round "6.8"]
[White "Shirazi, Kamran"]
[Black "Mijnster, Niels"]
[Result "1-0"]
[WhiteElo "2411"]
[BlackElo "1941"]
[PlyCount "29"]
[EventDate "2013.??.??"]

1. d4 Nf6 2. f3 d5 3. g4 g6 4. Bf4 h5 5. g5 Nfd7 6. c4 c6 7. cxd5 cxd5 8. Nc3
Bg7 9. Nxd5 Qa5+ 10. Nc3 O-O 11. Rc1 Nb6 12. e4 e6 13. Bd2 Bxd4 14. Nb5 Qxa2
15. Nxd4 1-0

[Event "37eme Open international de Fourmies"]
[Site "Fourmies (FRA)"]
[Date "2013.05.20"]
[Round "6.23"]
[White "De Noose, Daniel"]
[Black "Laurent, Bruno"]
[Result "0-1"]
[WhiteElo "1881"]
[BlackElo "2378"]
[PlyCount "32"]
[EventDate "2013.??.??"]

1. d4 Nf6 2. Nc3 d5 3. Bg5 Nbd7 4. Nf3 h6 5. Bh4 e6 6. Qd3 c5 7. e4 dxe4 8.
Nxe4 Qa5+ 9. c3 Be7 10. dxc5 Nxe4 11. Bxe7 Nxc3 12. c6 Nd5+ 13. b4 Nxb4 14.
cxd7+ Kxe7 15. dxc8=N+ Raxc8 16. Qd1 Rhd8 0-1

[Event "37eme Open international de Fourmies"]
[Site "Fourmies (FRA)"]
[Date "2013.05.20"]
[Round "6.43"]
[White "Sadet, Jeremy"]
[Black "Dubocage, Claude"]
[Result "0-1"]
[WhiteElo "1708"]
[BlackElo "1919"]
[PlyCount "34"]
[EventDate "2013.??.??"]

1. e4 g6 2. d4 Bg7 3. Nc3 d6 4. Be3 c6 5. Qd2 b5 6. f3 Nd7 7. g4 h5 8. h3 hxg4
9. fxg4 Nb6 10. O-O-O Bxg4 11. Be2 Bxe2 12. Qxe2 Nf6 13. e5 Nfd5 14. Nxd5 Nxd5
15. e6 Nxe3 16. exf7+ Kxf7 17. Qxe3 Bh6 0-1

[Event "37eme Open international de Fourmies"]
[Site "Fourmies (FRA)"]
[Date "2013.05.20"]
[Round "7.1"]
[White "Epishin, Vladimir"]
[Black "Delchev, Aleksander"]
[Result "1/2-1/2"]
[WhiteElo "2603"]
[BlackElo "2622"]
[PlyCount "51"]
[EventDate "2013.??.??"]

1. d4 Nf6 2. Nf3 g6 3. c3 Bg7 4. Bf4 b6 5. e3 Bb7 6. Be2 O-O 7. O-O d6 8. h3
Nbd7 9. a4 a6 10. Bh2 Qe8 11. Re1 e5 12. c4 a5 13. Nc3 Qe7 14. c5 bxc5 15. dxe5
Nxe5 16. Nxe5 dxe5 17. Qc2 Rfd8 18. Rac1 Bf8 19. Red1 Rd6 20. b3 Nd5 21. Nxd5
Bxd5 22. Qc3 Bg7 23. Bg3 Qe6 24. Rb1 Be4 25. Rbc1 Bd5 26. Rb1 1/2-1/2

[Event "37eme Open international de Fourmies"]
[Site "Fourmies (FRA)"]
[Date "2013.05.20"]
[Round "7.2"]
[White "David, Alberto"]
[Black "Dourerassou, Jonathan"]
[Result "1-0"]
[WhiteElo "2584"]
[BlackElo "2464"]
[PlyCount "75"]
[EventDate "2013.??.??"]

1. e4 c5 2. Nf3 Nc6 3. Bb5 g6 4. Bxc6 dxc6 5. d3 Bg7 6. h3 Nf6 7. Nc3 Nd7 8.
Be3 e5 9. Qd2 Qe7 10. Bh6 Bxh6 11. Qxh6 f6 12. Nh4 Nf8 13. O-O-O Be6 14. g3
O-O-O 15. f4 exf4 16. gxf4 Bf7 17. Kb1 Nd7 18. Nf3 b5 19. Rhe1 b4 20. Ne2 Nb6
21. Qh4 Rhe8 22. b3 a5 23. f5 a4 24. Ng3 axb3 25. axb3 g5 26. Qh6 Bxb3 27. cxb3
Qf7 28. Kb2 c4 29. dxc4 Nxc4+ 30. bxc4 Qa7 31. Ra1 Qf2+ 32. Re2 Qxf3 33. Qxf6
Kb7 34. Qg7+ Kb8 35. Ra4 Rd7 36. Qxd7 Qc3+ 37. Kb1 Qb3+ 38. Rb2 1-0

[Event "37eme Open international de Fourmies"]
[Site "Fourmies (FRA)"]
[Date "2013.05.20"]
[Round "7.4"]
[White "Dubessay, Bastien"]
[Black "Miron, Lucian-Costin"]
[Result "0-1"]
[WhiteElo "2378"]
[BlackElo "2543"]
[PlyCount "62"]
[EventDate "2013.??.??"]

1. d4 d5 2. c4 e6 3. Nc3 c5 4. cxd5 cxd4 5. Qa4+ Bd7 6. Qxd4 exd5 7. Qxd5 Nc6
8. Nf3 Nf6 9. Qd1 Bc5 10. e3 Qe7 11. Be2 O-O-O 12. O-O Kb8 13. a3 g5 14. b4 g4
15. Nd4 Bb6 16. Re1 Qe5 17. Bf1 Rhg8 18. Bb2 Qg5 19. Nce2 h5 20. Nxc6+ Bxc6 21.
Nd4 Bd5 22. Qc2 Ne4 23. Rac1 h4 24. Bd3 Rc8 25. Qe2 g3 26. Rxc8+ Rxc8 27. Bxe4
Bxe4 28. Nf3 gxh2+ 29. Kh1 Qg4 30. Be5+ Bc7 31. Bxh2 h3 0-1

[Event "37eme Open international de Fourmies"]
[Site "Fourmies (FRA)"]
[Date "2013.05.20"]
[Round "7.17"]
[White "Berthier, Hugo"]
[Black "Vandelacluze, Ian"]
[Result "1/2-1/2"]
[WhiteElo "2214"]
[BlackElo "2025"]
[PlyCount "50"]
[EventDate "2013.??.??"]

1. d4 d5 2. c4 c6 3. Nf3 Nf6 4. Nc3 dxc4 5. a4 Bf5 6. e3 e6 7. Bxc4 Bb4 8. O-O
O-O 9. Qe2 Nbd7 10. e4 Bg6 11. Bd3 c5 12. e5 cxd4 13. Bxg6 hxg6 14. Na2 Nd5 15.
Nxb4 Nxb4 16. Nxd4 a6 17. Rd1 Nd5 18. Nf3 Rc8 19. Bg5 Qc7 20. Qe4 Qc2 21. Qh4
Rc4 22. Qh3 Qf5 23. Qxf5 gxf5 24. Be7 Rfc8 25. Bd6 Nc5 1/2-1/2

[Event "37eme Open international de Fourmies"]
[Site "Fourmies (FRA)"]
[Date "2013.05.20"]
[Round "7.23"]
[White "Feryn, Alexandre"]
[Black "Blondel, Jerome"]
[Result "1-0"]
[WhiteElo "2130"]
[BlackElo "1936"]
[PlyCount "33"]
[EventDate "2013.??.??"]

1. e4 d5 2. exd5 Qxd5 3. Nc3 Qd6 4. d4 Nf6 5. Be2 a6 6. Bf3 Nc6 7. Nge2 Bf5 8.
Bf4 Qd7 9. a3 e6 10. O-O Bd6 11. Bxd6 Qxd6 12. Ng3 Bg6 13. d5 Ne5 14. dxe6 Qxd1
15. exf7+ Kxf7 16. Bxd1 Rad8 17. f4 1-0

[Event "37eme Open international de Fourmies"]
[Site "Fourmies (FRA)"]
[Date "2013.05.20"]
[Round "7.69"]
[White "Verriere, Nicolas"]
[Black "Szczerbinski, Dominik"]
[Result "1-0"]
[WhiteElo "1733"]
[BlackElo "1605"]
[PlyCount "37"]
[EventDate "2013.??.??"]

1. e4 c5 2. Nf3 d6 3. d4 cxd4 4. Nxd4 Nf6 5. Nc3 g6 6. Be3 Bg7 7. f3 O-O 8. Qd2
Nc6 9. Bc4 Bd7 10. O-O-O a6 11. g4 Ne5 12. Bb3 Bc6 13. Bh6 d5 14. Bxg7 Kxg7 15.
exd5 Bd7 16. Qg5 Qc7 17. Rde1 Nc4 18. Rxe7 Qc5 19. Qxf6+ 1-0